| 000 | 00622nam a22002057a 4500 | ||
|---|---|---|---|
| 999 |
_c2075 _d2075 |
||
| 003 | AR-CdUCM | ||
| 008 | 190301b ||||| |||| 00| 0 spa d | ||
| 040 |
_aMUNICIPALIDAD PROVINCIAL DEL CUSCO _cBIBLIOTECA MUNICIPAL DEL CUSCO |
||
| 041 | _hchi | ||
| 082 |
_a891.1 / _bC554 |
||
| 100 |
_aChing, Chun _97497 |
||
| 245 |
_aEl Alba sobre el Río : _by otros cuentos / |
||
| 260 |
_aChina : _bEdiciones en Lenguas Extranjeras ; _c1963. |
||
| 300 |
_a137 páginas _c21cm |
||
| 505 | _aNovela | ||
| 650 |
_aLiteratura china _97278 |
||
| 650 |
_aLiteratura oriental _97498 |
||
| 942 |
_2ddc _cLIBROS |
||
| 945 |
_anom _d2019-03-01 |
||